| 000 | 02654cam a2200385 a 4500 | ||
|---|---|---|---|
| 999 |
_c530158 _d530158 |
||
| 001 | 16731351 | ||
| 003 | NUST | ||
| 005 | 20191011122335.0 | ||
| 008 | 110412s2011 enka b 000 0 eng d | ||
| 010 | _a 2011286037 | ||
| 015 |
_aGBB075215 _2bnb |
||
| 016 | 7 |
_a015583365 _2Uk |
|
| 020 | _a9780415593342 (hbk.) | ||
| 020 | _a0415593344 (hbk.) | ||
| 035 | _a(OCoLC)ocn700137463 | ||
| 038 | _aMSOHAIL | ||
| 040 |
_aQCL _beng _cQCL _dUKM _dYDXCP _dORU _dUOH _dDLC |
||
| 042 | _alccopycat | ||
| 050 | 0 | 0 |
_aHT165.5 _b.D5 2011 |
| 082 | 0 | 4 |
_a307.1216 _222 |
| 245 | 0 | 0 |
_aDialogues in urban and regional planning. _n4 / _cedited by Thomas L. Harper ... [et al.]. |
| 260 |
_aLondon : _bRoutledge, _c2011. |
||
| 300 |
_axx, 308 p. : _bill. ; _c24 cm. |
||
| 500 | _aPublished in association with the Global Planning Education Association Network. | ||
| 504 | _aIncludes bibliographical references and index. | ||
| 505 | 0 | _aIntroduction : rising to the global challenges / Thomas L. Harper ... [et al.] -- Hanging out with "trouble causers" : planning and governance in urban Zimbabwe / Amin Y. Kamete -- Towards a cosmopolitan urbanism : from theory to practice / Leonie Sandercock -- For the equitable city yet to come / Tanja Winkler -- Shocking the suburbs : urban location, homeownership and oil vulnerability in the Australian city / Jago Dodson and Neil Sipe -- The re-enclosure of green space in postmodern urbanism / Michael Hebbert -- Safe urban spaces : security issues for city design / Maria Julieta Nunes de Souza and Rose Compans -- Public space and conservation of a historic living city : Melaka, Malaysia / Samira Ramezani, Zul Azri Bin Abd Aziz, and Syed Z.A. Idid -- New urbanism, social equity, and the challenge of post-Katrina rebuilding in Mississippi / Emily Talen -- Immature take-offs : urbanization, industrialization and development in twentieth-century Latin America / Arturo Almandoz -- Policy and planning for large-infrastructure projects : problems, causes, and curses / Bent Flyvbjerg -- Socio-political analysis of French transport policies : the state of practice / Vincent Kaufmann ... [et al.] -- Institutional impediments to planning professionalism in Victoria, Australia / Alan March. | |
| 650 | 0 |
_aCity planning _vCase studies. _923543 |
|
| 650 | 0 |
_aRegional planning _vCase studies. _923544 |
|
| 700 | 1 |
_aHarper, Thomas L. _923545 |
|
| 710 | 2 |
_aGlobal Planning Education Association Network. _923546 |
|
| 906 |
_a7 _bcbc _ccopycat _d2 _encip _f20 _gy-gencatlg |
||
| 942 |
_2ddc _cBK |
||